000 00531nam a22001817a 4500
005 20140915145831.0
010 _aENG-110811
020 _a9788171327478
_c695.00
035 _aEN-94343
037 _bDBAD/PUB
082 _a342.54085
100 _aBhanot, Astha
245 _aHuman rights and human welfare /
_cby Astha Bhanot
260 _aJaipur
_bPointer Publishers
_c2013
270 _a807, Vyas Building, Chaura Rasta
_bJaipur
_e302003
300 _axi,172p.
_c22cm(Hb)
942 _2ddc
_cEN
_mBHA
_h342.54085
999 _c88497
_d88497